Normal view
MARC view
- Historic sites
Entry Topical Term
001 - CONTROL NUMBER
- control field: 121652
003 - CONTROL NUMBER IDENTIFIER
- control field: NUST
005 - DATE AND TIME OF LATEST TRANSACTION
- control field: 20240229103910.0
008 - FIXED-LENGTH DATA ELEMENTS
- fixed length control field: 240229|| aca||aabn | a|a d
040 ## - CATALOGING SOURCE
- Original cataloging agency: NUST
- Transcribing agency: NUST
150 ## - HEADING--TOPICAL TERM
- Topical term or geographic name entry element: Historic sites
- Geographic subdivision: South Asia
- General subdivision: Management
- Form subdivision: Case studies
670 ## - SOURCE DATA FOUND
- Source citation: Work cat.: (NUST)0: Cultural landscapes of South Asia :
